Personaggi famosi nati a Milano - Statistics

Statistiche generali
  • Questo quiz è stato fatto 182 volte
    171 dall'ultimo reset
  • Il punteggio medio è 34 su 70
Statistiche sulle risposte
con Immagini Risposta % Corretto
Silvio Berlusconi
96%
Fedez
94%
Matteo Salvini
94%
J-Ax
93%
Maria De Filippi
92%
Ghali
90%
Morgan
89%
Mahmood
87%
Lazza
85%
Elio
82%
Fabio Rovazzi
82%
Adriano Celentano
80%
Alfonso Signorini
79%
Paolo Maldini
78%
Samantha Cristoforetti
78%
Paola e Chiara
77%
Tananai
77%
Enrico Mentana
73%
Giovanni Storti
73%
Jake la Furia
72%
Liliana Segre
72%
Rkomi
72%
Diego Abatantuono
70%
Malika Ayane
70%
Manuel Agnelli
68%
Alessandro Manzoni
65%
Giuseppe Sala
65%
Guè Pequeno
64%
Dargen D'Amico
62%
Andrea Pucci
56%
Enrico Ruggeri
56%
Filippo Tortu
55%
Giuseppe Meazza
55%
Bettino Craxi
51%
Walter Zenga
51%
Biagio Antonacci
47%
Caravaggio
47%
Gianluca Grignani
46%
Renato Pozzetto
46%
Sandra Mondaini
46%
Angela Finocchiaro
39%
Kekko Silvestre
39%
Giorgio Gaber
36%
Letizia Moratti
34%
Carla Fracci
32%
Alda Merini
30%
Ornella Vanoni
30%
Enzo Jannacci
29%
Johnny Dorelli
29%
Francesca Schiavone
25%
Paolo Mieli
22%
Umberto Veronesi
20%
Michele Alboreto
19%
Gualtiero Marchesi
18%
Caterina Sforza
17%
Cesare Beccaria
15%
Oliviero Toscani
13%
Tony Renis
13%
Mogol
12%
Stefano Gabbana
12%
Marco Tronchetti Provera
10%
Carlo Cattaneo
4%
Carlo Porta
4%
Luchino Visconti
4%
Pietro Verri
4%
Gio Ponti
3%
Giovanni Berchet
3%
Carlo Emilio Gadda
2%
Dino Risi
2%
Nino Rota
2%
Nessun quiz corrispondente trovato
Distribuzione punteggi
Percentuale di utenti per punteggio
Percentile per numero di risposta
I tuoi punteggi nel tempo
Non hai fatto questo quiz dall'ultimo reset